the use of gis in fishing lot reform : case study of fishing lot no. 1 in kandal province (វិធិសាស្រ្តធ្វើកំណែទំរង់ក្នុងការលុបឡូត៍នេសាទអាជីវកម្មដោយផ្នែក តាមប្រព័ន្ទព័តមានភូមិសាស្រ្ត (gis)ដោយលើកយកឡូត៍លេខ ០១ក្នុងខេត្តកណ្តាលមកសិក្សា) (Record no. 3967)
[ view plain ]
| 000 -LEADER | |
|---|---|
| fixed length control field | 00856nam a22001577a 4500 |
| 003 - CONTROL NUMBER IDENTIFIER | |
| control field | OSt |
| 005 - DATE AND TIME OF LATEST TRANSACTION | |
| control field | 20151204100204.0 |
| 008 - FIXED-LENGTH DATA ELEMENTS--GENERAL INFORMATION | |
| fixed length control field | 151204b xxu||||| |||| 00| 0 eng d |
| 040 ## - CATALOGING SOURCE | |
| Transcribing agency | RUA |
| 082 ## - DEWEY DECIMAL CLASSIFICATION NUMBER | |
| Classification number | FIS HUO 2004 B176 Or.1 |
| 100 ## - MAIN ENTRY--PERSONAL NAME | |
| 9 (RLIN) | 4252 |
| Personal name | HUOT, KONGHEANG. |
| 245 ## - TITLE STATEMENT | |
| Title | the use of gis in fishing lot reform : case study of fishing lot no. 1 in kandal province (វិធិសាស្រ្តធ្វើកំណែទំរង់ក្នុងការលុបឡូត៍នេសាទអាជីវកម្មដោយផ្នែក តាមប្រព័ន្ទព័តមានភូមិសាស្រ្ត (gis)ដោយលើកយកឡូត៍លេខ ០១ក្នុងខេត្តកណ្តាលមកសិក្សា) |
| 260 ## - PUBLICATION, DISTRIBUTION, ETC. (IMPRINT) | |
| Place of publication, distribution, etc. | Phnom Penh |
| Name of publisher, distributor, etc. | RUA |
| Date of publication, distribution, etc. | 2004 |
| 300 ## - PHYSICAL DESCRIPTION | |
| Extent | 76p. |
| Other physical details | ill. |
| Dimensions | 29cm. |
| 942 ## - ADDED ENTRY ELEMENTS (KOHA) | |
| Source of classification or shelving scheme | |
| Koha item type | FIS |
| Price effective from | Date last seen | Permanent Location | Not for loan | Date acquired | Source of classification or shelving scheme | Koha item type | Lost status | Withdrawn status | Date last checked out | Total Checkouts | Shelving location | Damaged status | Barcode | Current Location | Full call number |
|---|---|---|---|---|---|---|---|---|---|---|---|---|---|---|---|
| 2015-12-04 | 2015-12-04 | Library Block B | 2015-12-04 | FIS | B176 | RUA026150 | Library Block B | FIS HUO 2004 B176 Or.1 | |||||||
| 2015-12-04 | 2015-12-04 | Library Block B | 2015-12-04 | FIS | B176 | RUA026294 | Library Block B | FIS HUO 2004 B176 Or.2 | |||||||
| 2015-12-04 | 2017-08-02 | Library Block B | 2015-12-04 | FIS | 2017-02-06 | 1 | B176 | RUA026366 | Library Block B | FIS HUO 2004 B176 Or.3 | |||||
| 2015-12-04 | 2015-12-04 | Library Block B | 2015-12-04 | FIS | B176 | RUA026149 | Library Block B | FIS HUO 2004 B176 Or.4 | |||||||
| 2015-12-04 | 2015-12-04 | Library Block B | 2015-12-04 | FIS | B176 | RUA026221 | Library Block B | FIS HUO 2004 B176 Or.5 |